Quiz Culture Générale – Niveau Intermédiaire #4 - Statistiques

Statistiques générales
  • Ce quiz a été pris 123 fois
  • Le résultat moyen est 8 sur 15
Statistiques - réponses
Question Réponse % Correct
Combien de mois dans une année comportent 31 jours ? 7
93%
Quel est le plus grand pays du monde en superficie ? Russie
90%
Qui a écrit 1984 et La Ferme des animaux ? George Orwell
71%
Quel est le plus grand océan du monde ? Océan Pacifique
68%
Quelle est la capitale de la Nouvelle-Zélande ? Wellington
67%
Dans quel pays se trouve la ville de Dubrovnik, surnommée "la perle de l'Adriatique" ? Croatie
64%
Quel est le plus grand désert de glace au monde ? Antarctique
62%
Qui a peint Les Nympheas ? Claude Monet
55%
Quel est le nom du plus grand récif corallien du monde ? La Grande Barrière de Corail
54%
Quel est le plus grand île du monde ? Groenland
50%
Quel est l’élément chimique de symbole "Na" ? Sodium
50%
Dans quelle ville se trouve la célèbre Sagrada Familia ? Barcelona
46%
Quel est le nom de la première station spatiale habitée par l’homme ? Mir
17%
Qui a inventé le premier avion fonctionnel ? Les frères Wright
16%
Quel est le nom du volcan le plus actif au monde ? Kīlauea (Hawaï)
4%
Aucun quiz correspondant
Distribution des résultats
% des personnes avec chaque résultat
Percentile par nombre de réponses
Votre historique - résultats
Vous n’avez pas pris ce quiz